| 000 | 00494nam a2200157 4500 | ||
|---|---|---|---|
| 001 | 137467 | ||
| 003 | ES-MaACL | ||
| 005 | 20230906195359.0 | ||
| 007 | t| | ||
| 008 | 070214s1920 sp r ||||1| spa d | ||
| 100 | 1 |
_aSánchez de Arrojo, Elena. _9102570 |
|
| 245 | 1 | 3 |
_aEl consultor de la dama enfermera / _cElena Sánchez de Arrojo. |
| 260 |
_aGuadalajara : _b[s.n.], _c1920 ( _fImp. Colegio Huérfanos de la Guerra) |
||
| 300 |
_aXV, 332 p., 1 lám. ; _c23 cm. |
||
| 852 |
_aES-MaACL _jB-11227 |
||
| 999 |
_c137467 _d137467 |
||